Lịch sử đảng bộ tỉnh Quảng Nam - Đà Nẵng(1975-1996)

שמור ב:
מידע ביבליוגרפי
פורמט: ספר
שפה:Vietnamese
יצא לאור: Đà Nẵng 2015
נושאים:
תגים: הוספת תג
אין תגיות, היה/י הראשונ/ה לתייג את הרשומה!
Thư viện lưu trữ: Mạng thư viện Đại học Đà Nẵng
LEADER 01060nam a2200301 a 4500
001 000002314
003 04293
005 20171229145311.0
008 171229s2015 vie
040 |a LSK 
041 0 |a VIE 
082 0 |a 324.259752075  |b NG-H 
245 0 0 |a Lịch sử đảng bộ tỉnh Quảng Nam - Đà Nẵng(1975-1996)  |c Ngô Văn Hùng, Võ Công Trí, Nguyễn Thanh Quang biên soạn 
260 |b Đà Nẵng  |c 2015 
300 |a 387 pages  |c 20,5 cm. 
653 |a Lịch sử - Đảng bộ - Đà Nẵng 
852 |a Phòng Đọc 
901 |a 1 
927 |a Sách tham khảo 
OWN |a LSK 
AVA |a UDN50  |b LSK  |d 324.259752075 NG-H  |e available  |t Error 5001 Not defined in file expand_doc_bib_avail.  |f 1  |g 0  |h N  |i 0  |k 1 
999 |a From the UDN01 
AVA |a UDN50  |b LSK  |d 324.259752075 NG-H  |e available  |t Error 5001 Not defined in file expand_doc_bib_avail.  |f 1  |g 0  |h N  |i 0  |k 1 
TYP |a Monograph 
TYP |a Printed language 
980 |a Mạng thư viện Đại học Đà Nẵng